Korišćenje statističkih podataka u SFR Jugoslaviji 1976
Na minha lista:
| Formato: | Livro |
|---|---|
| Idioma: | sérvio |
| Publicado em: |
Beograd
Savezni zavod za statistiku
1978
|
| Colecção: | Studije, analiza i prikazi 92
|
| Tags: |
Sem tags, seja o primeiro a adicionar uma tag!
|
MARC
| LEADER | 00000nam a2200000 4500 | ||
|---|---|---|---|
| 001 | 0215531 | ||
| 005 | 20240109105813.4 | ||
| 041 | 0 | |a srp | |
| 044 | |a RS | ||
| 245 | 1 | 0 | |a Korišćenje statističkih podataka u SFR Jugoslaviji 1976 |
| 264 | 1 | |a Beograd |b Savezni zavod za statistiku |c 1978 | |
| 300 | |a 78 s. | ||
| 490 | 1 | |a Studije, analiza i prikazi 92 | |
| 830 | 0 | |a Studije, analiza i prikazi 92 | |